World Capitals Closest to Tehran - Statistics

General Stats
  • This quiz has been taken 47 times
  • The average score is 18 of 22
Answer Stats
Kilometers Capital Cities Miles % Correct
698 Baghdad 434
100%
774 Kuwait City 481
97%
786 Yerevan 488
95%
540 Baku 336
92%
1694 Ankara 1053
90%
1985 Islamabad 1233
90%
1303 Riyadh 810
90%
1488 Amman 924
87%
1560 Jerusalem 970
87%
1467 Beirut 911
85%
1157 Doha 719
85%
1617 Kabul 1005
85%
1276 Abu Dhabi 793
82%
881 Tbilisi 548
82%
1405 Damascus 873
79%
1054 Manama 655
74%
1672 Tashkent 1039
74%
1509 Muscat 938
72%
1636 Nicosia 1017
69%
1568 Dushanbe 974
67%
668 Ashgabat 415
62%
1984 Cairo 1233
62%
No matching quizzes found
Score Distribution
Percent of People with Each Score
Percentile by Number Answered
Your Score History
You have not taken this quiz